Manual de derecho comercial

Na minha lista:
Detalhes bibliográficos
Autor principal: Sandoval López, Ricardo
Formato: Livro
Idioma:espanhol
Publicado em: Santiago, Chile: Jurídica de Chile, 1986
Edição:2a. edición actualizada
Colecção:Colección Manuales Jurídicos, 83, 84
Assuntos:
Tags: Adicionar Tag
Sem tags, seja o primeiro a adicionar uma tag!

MARC

LEADER 00000nam a2200000 a 4500
001 UCY0912
003 CL-VaPUC
005 20240718164819.0
008 940817e19860000CL |||||||||||||||||spa|d
999 |c 229786  |d 229784 
040 |c Pontificia Universidad Católica de Valparaíso 
082 0 4 |a 346.07 SAN 1986  |2 21 
100 1 |a Sandoval López, Ricardo  |9 170 
245 1 0 |a Manual de derecho comercial 
250 |a 2a. edición actualizada 
260 |a Santiago, Chile:  |b Jurídica de Chile,  |c 1986 
300 |a 2 tomos 
490 0 |a Colección Manuales Jurídicos, 83, 84 
505 |a t.1: Parte general. Organización jurídica de la empresa mercantil 
505 |a t.2: Títulos de crédito, operaciones bancarias, mercado de capitales y derecho de quiebras. 
583 |a last modification  |c 19940817 00:00:00  |k Rodrigo Vera 
650 1 |a Derecho comercial chileno  |9 430902 
650 1 |a Fuentes de derecho comercial  |9 890219 
650 1 |a Actos del comercio  |9 382241 
650 1 |a sociedades colectivas  |9 386924 
650 1 |a Sociedades de personas  |9 432677 
650 1 |a Sociedades anónimas  |9 255387 
650 1 |a Establecimiento de comercio  |9 661185 
650 1 |a Ordenamiento jurídico  |9 355371 
650 1 |a Títulos de crédito   |9 386704 
650 1 |a Operaciones bancarias  |9 337857 
650 1 |a Mercado de capitales   |9 330596 
650 1 |a Derecho de quiebra   |9 427106 
942 |c BK  |2 ddc 
945 |d 19940817 00:00:00  |a aalvarez 
952 |0 0  |1 0  |4 0  |6 346_070000000000000_SAN_1986  |7 0  |8 A  |9 231370  |a BIBDER  |b BIBDER  |d 2019-11-15  |h t.II  |i 3010112  |o 346.07 SAN 1986  |p 3010112  |r 2023-01-25  |w 2019-11-15  |y BK  |k DER 
952 |0 0  |1 0  |4 0  |6 346_070000000000000_SAN_1986  |7 0  |8 A  |9 231371  |a BIBDER  |b BIBDER  |d 2019-11-15  |h t.I  |i 3010120  |o 346.07 SAN 1986  |p 3010120  |r 2023-01-25  |w 2019-11-15  |y BK  |k DER 
952 |0 0  |1 0  |4 0  |6 346_070000000000000_SAN_1986  |7 0  |8 P  |9 231372  |a BIBGIM  |b BIBGIM  |d 2019-11-15  |h v.2  |i 1999281  |o 346.07 SAN 1986  |p 1999281  |r 2025-01-15  |w 2019-11-15  |y BK  |k COM